[Event "3. Magitral Ciutat de Badalona"]
[Site "Badalona ESP"]
[Date "2005.03.07"]
[Round "5.5"]
[White "Barrientos Chavarriaga, Sergio"]
[Black "Moskalenko, Viktor"]
[Result "1/2-1/2"]
[WhiteElo "2432"]
[BlackElo "2539"]
[PlyCount "137"]
[EventDate "2005.03.01"]
[EventType "tourn"]
[EventRounds "9"]
[EventCountry "ESP"]
[EventCategory "8"]
[Source "lmi"]
[SourceDate "2005.03.11"]

1. e4 e6 2. d4 d5 3. Nc3 Nf6 4. Bg5 Be7 5. e5 Nfd7 6. h4 O-O 7. Qg4 f5 8. Qg3
c5 9. Bh6 Rf7 10. Nxd5 cxd4 11. Nxe7+ Qxe7 12. O-O-O Nc6 13. Nf3 Qc5 14. Ng5
Qxe5 15. Qxe5 Ndxe5 16. Nxf7 Kxf7 17. Bd2 Ng4 18. Be1 e5 19. c3 dxc3 20. bxc3
Be6 21. Be2 Nf6 22. Kb2 Rc8 23. f3 Nd5 24. Bc4 Nb6 25. Bxe6+ Kxe6 26. Bf2 Nc4+
27. Ka1 b5 28. Rhe1 a6 29. Bc5 h5 30. Rd3 Nd8 31. Bg1 Nf7 32. Bh2 Rc5 33. f4 e4
34. Rg3 Ncd6 35. Bg1 Rd5 36. Bd4 b4 37. Bxg7 bxc3 38. Bxc3 Nb5 39. Bb2 Nfd6 40.
Rg6+ Kd7 41. Rg7+ Kc6 42. Rc1+ Kb6 43. Bf6 Ka5 44. Be5 e3 45. Bxd6 Nxd6 46. Re7
Rd3 47. Kb2 Kb4 48. a3+ Rxa3 49. Re6 Rb3+ 50. Kc2 Nc4 51. Kd1 a5 52. Rc6 Rd3+
53. Ke2 Rd2+ 54. Kf3 Rd4 55. Rc8 a4 56. Rb8+ Kc5 57. Ra8 Kb4 58. Rb1+ Kc3 59.
Ra1 a3 60. R8xa3+ Nxa3 61. Rxa3+ Kd2 62. Ra2+ Kd3 63. Ra3+ Kd2 64. Ra2+ Kd3 65.
Ra5 Re4 66. Ra3+ Kd2 67. Ra2+ Kd3 68. Ra3+ Kd2 69. Ra2+ 1/2-1/2

[Event "3. Magitral Ciutat de Badalona"]
[Site "Badalona ESP"]
[Date "2005.03.08"]
[Round "6.1"]
[White "Kalod, Radek"]
[Black "Moskalenko, Viktor"]
[Result "1/2-1/2"]
[WhiteElo "2505"]
[BlackElo "2539"]
[PlyCount "40"]
[EventDate "2005.03.01"]
[EventType "tourn"]
[EventRounds "9"]
[EventCountry "ESP"]
[EventCategory "8"]
[Source "lmi"]
[SourceDate "2005.03.11"]

1. e4 e6 2. d4 d5 3. Nc3 Bb4 4. Bd3 dxe4 5. Bxe4 Nf6 6. Bf3 O-O 7. Nge2 e5 8.
O-O Bxc3 9. Nxc3 exd4 10. Nb5 c5 11. Bf4 a6 12. Nd6 Nc6 13. c3 Be6 14. Bxc6
bxc6 15. cxd4 cxd4 16. Qxd4 Ne8 17. Rfd1 Nxd6 18. Bxd6 Re8 19. Qf4 Bd5 20. Be5
Qe7 1/2-1/2

[Event "3. Magitral Ciutat de Badalona"]
[Site "Badalona ESP"]
[Date "2005.03.08"]
[Round "6.2"]
[White "Escobar Forero, Alder"]
[Black "Barrientos Chavarriaga, Sergio"]
[Result "1-0"]
[WhiteElo "2407"]
[BlackElo "2432"]
[PlyCount "67"]
[EventDate "2005.03.01"]
[EventType "tourn"]
[EventRounds "9"]
[EventCountry "ESP"]
[EventCategory "8"]
[Source "lmi"]
[SourceDate "2005.03.11"]

1. e4 e5 2. Nf3 Nc6 3. Bb5 a6 4. Ba4 Nf6 5. O-O Be7 6. Re1 b5 7. Bb3 d6 8. c3
O-O 9. h3 Nb8 10. d4 Nbd7 11. Nbd2 Bb7 12. Bc2 Re8 13. a4 Bf8 14. Bd3 c6 15.
Bf1 g6 16. b3 Qc7 17. Bb2 Rac8 18. axb5 axb5 19. Qb1 Bg7 20. b4 Qb8 21. Ra5
exd4 22. cxd4 Nf8 23. e5 dxe5 24. dxe5 N6d7 25. Qa1 Rcd8 26. Ne4 Ne6 27. Nd6
Re7 28. Qa2 Ba8 29. Nxf7 Rde8 30. Nd6 Rd8 31. Ng5 Ndf8 32. Be2 h5 33. Bd1 Bb7
34. Bb3 1-0

[Event "3. Magitral Ciutat de Badalona"]
[Site "Badalona ESP"]
[Date "2005.03.08"]
[Round "6.4"]
[White "Lopez Martinez, Josep Manuel"]
[Black "Narciso Dublan, Marc"]
[Result "1/2-1/2"]
[WhiteElo "2468"]
[BlackElo "2458"]
[PlyCount "109"]
[EventDate "2005.03.01"]
[EventType "tourn"]
[EventRounds "9"]
[EventCountry "ESP"]
[EventCategory "8"]
[Source "lmi"]
[SourceDate "2005.03.11"]

1. e4 e6 2. d4 d5 3. Nc3 Bb4 4. e5 c5 5. a3 Bxc3+ 6. bxc3 Qa5 7. Bd2 Qa4 8. Qg4
g6 9. Qd1 b6 10. Nf3 Ba6 11. Bxa6 Nxa6 12. h4 h5 13. O-O Rc8 14. Bg5 Nb8 15.
Qd2 Nd7 16. Rfc1 Qa5 17. Qd3 Ne7 18. Bxe7 Kxe7 19. Qe3 Kf8 20. Qf4 Kg7 21. c4
cxd4 22. cxd5 Qxd5 23. Rd1 Rc4 24. Rd3 Rf8 25. Rad1 Nc5 26. Rxd4 Rxd4 27. Rxd4
Qa2 28. Ng5 Kg8 29. Rd8 Qa1+ 30. Kh2 f5 31. Rd6 Re8 32. Rc6 Qd1 33. Rc7 Qd8 34.
Rxa7 Re7 35. Rxe7 Qxe7 36. Qb4 Qc7 37. f4 Qc6 38. Qc4 Kf8 39. Nh7+ Ke7 40. Nf6
Qa4 41. Qb4 Qxb4 42. axb4 Na6 43. c3 Nc7 44. Kg3 Nb5 45. c4 Nd4 46. Kf2 Nc6 47.
b5 Na5 48. c5 bxc5 49. Ke3 Nc4+ 50. Kd3 Nb6 51. g3 Kd8 52. Nh7 Ke7 53. Nf6 Kd8
54. Nh7 Ke7 55. Nf6 1/2-1/2

[Event "3. Magitral Ciutat de Badalona"]
[Site "Badalona ESP"]
[Date "2005.03.08"]
[Round "6.5"]
[White "Fluvia Poyatos, Joan"]
[Black "Granados Gomez, Manuel"]
[Result "1/2-1/2"]
[WhiteElo "2478"]
[BlackElo "2414"]
[PlyCount "41"]
[EventDate "2005.03.01"]
[EventType "tourn"]
[EventRounds "9"]
[EventCountry "ESP"]
[EventCategory "8"]
[Source "lmi"]
[SourceDate "2005.03.11"]

1. e4 e5 2. Nf3 Nc6 3. Bb5 Nf6 4. O-O Nxe4 5. d4 Nd6 6. Bxc6 dxc6 7. dxe5 Nf5
8. Qxd8+ Kxd8 9. Nc3 Ke8 10. h3 Ne7 11. Re1 Be6 12. Nd4 c5 13. Nxe6 fxe6 14.
Bg5 Nc6 15. Rad1 Be7 16. Bxe7 Kxe7 17. Ne4 b6 18. Kh2 Rhf8 19. Kg3 Rf5 20. f4
Raf8 21. c3 1/2-1/2

[Event "3. Magitral Ciutat de Badalona"]
[Site "Badalona ESP"]
[Date "2005.03.09"]
[Round "7.1"]
[White "Granados Gomez, Manuel"]
[Black "Kalod, Radek"]
[Result "0-1"]
[WhiteElo "2414"]
[BlackElo "2505"]
[PlyCount "126"]
[EventDate "2005.03.01"]
[EventType "tourn"]
[EventRounds "9"]
[EventCountry "ESP"]
[EventCategory "8"]
[Source "lmi"]
[SourceDate "2005.03.11"]

1. d4 Nf6 2. Nf3 g6 3. c3 Bg7 4. Bg5 b6 5. Nbd2 Bb7 6. e3 O-O 7. Bd3 d6 8. O-O
Nbd7 9. e4 h6 10. Bh4 e5 11. Re1 Qe8 12. Qc2 Nh5 13. Bf1 Kh8 14. dxe5 dxe5 15.
Bg3 Nxg3 16. hxg3 Qe7 17. Nc4 a5 18. Ne3 Nf6 19. Nd2 h5 20. Be2 Bh6 21. Bf3
Rfd8 22. Ndf1 Qe6 23. a4 Rd6 24. Rad1 Rad8 25. Rxd6 Rxd6 26. b3 Rd7 27. c4 Rd4
28. Nd5 Qc6 29. Nfe3 Nxd5 30. Nxd5 Qc5 31. Rd1 c6 32. Nc3 Bc8 33. Ne2 Rxd1+ 34.
Qxd1 Be6 35. Nc3 Kg7 36. Qc2 Qd4 37. Be2 Bd2 38. Nd1 Bb4 39. Kh2 Kf6 40. Ne3
Qd2 41. Bd3 Ke7 42. Kg1 Qe1+ 43. Nf1 Bc5 44. Qd2 Qxd2 45. Nxd2 Bb4 46. Nf3 f6
47. Kf1 Kd6 48. Ke2 Kc5 49. Bc2 Bc3 50. Kd3 Kb4 51. Nh4 Bf7 52. Bd1 Bd4 53. f4
Bf2 54. f5 g5 55. Ng6 Bc5 56. Bc2 g4 57. Bd1 Be8 58. Kc2 Bf7 59. Be2 b5 60.
axb5 cxb5 61. cxb5 Bxb3+ 62. Kb1 a4 63. b6 a3 0-1

[Event "3. Magitral Ciutat de Badalona"]
[Site "Badalona ESP"]
[Date "2005.03.09"]
[Round "7.2"]
[White "Narciso Dublan, Marc"]
[Black "Fluvia Poyatos, Joan"]
[Result "1/2-1/2"]
[WhiteElo "2458"]
[BlackElo "2478"]
[PlyCount "145"]
[EventDate "2005.03.01"]
[EventType "tourn"]
[EventRounds "9"]
[EventCountry "ESP"]
[EventCategory "8"]
[Source "lmi"]
[SourceDate "2005.03.11"]

1. d4 Nf6 2. c4 e6 3. Nc3 Bb4 4. e3 O-O 5. Bd3 d5 6. Nge2 c5 7. O-O cxd4 8.
exd4 dxc4 9. Bxc4 Nbd7 10. Qd3 Nb6 11. Bb3 Bd7 12. Bf4 Bc6 13. Rad1 Bd6 14. Bc1
Nfd5 15. Qh3 f5 16. Rfe1 Qf6 17. Nxd5 Nxd5 18. Nc3 Rae8 19. Nxd5 Bxd5 20. Bxd5
exd5 21. Qb3 Qf7 22. Bd2 h6 23. Bb4 Bxb4 24. Qxb4 f4 25. Qb3 Kh8 26. Re5 Rxe5
27. dxe5 Rd8 28. h4 Qe6 29. Qxb7 f3 30. gxf3 Qxe5 31. Qxa7 d4 32. b4 Qf6 33. b5
Qxh4 34. Qc5 d3 35. b6 Qa4 36. Rxd3 Re8 37. b7 Qa6 38. Qe5 Qg6+ 39. Qg3 Qxd3
40. b8=Q Rxb8 41. Qxb8+ Kh7 42. Qb3 Qg6+ 43. Kf1 h5 44. Qc4 Qg5 45. a4 h4 46.
Qg4 Qf6 47. Kg2 g5 48. a5 Kh6 49. Qc8 Kg6 50. Qc2+ Kh6 51. Qc8 Kg6 52. Qc2+ Kh6
53. Qd3 Qc6 54. a6 Qb6 55. Qe2 Kg6 56. Qa2 Qa7 57. Qb1+ Kh6 58. Qb7 h3+ 59.
Kxh3 Qxf2 60. a7 Qf1+ 61. Kg4 Qc4+ 62. Kf5 Qc2+ 63. Ke6 Qc4+ 64. Kd7 Qf7+ 65.
Kc8 Qe8+ 66. Kc7 Qe5+ 67. Kb6 Qe3+ 68. Kc7 Qe5+ 69. Kd8 Qh8+ 70. Kd7 Qg7+ 71.
Kc6 Qc3+ 72. Kd6 Qf6+ 73. Kc7 1/2-1/2

[Event "3. Magitral Ciutat de Badalona"]
[Site "Badalona ESP"]
[Date "2005.03.09"]
[Round "7.3"]
[White "Fluvia Poyatos, Jordi"]
[Black "Lopez Martinez, Josep Manuel"]
[Result "1/2-1/2"]
[WhiteElo "2399"]
[BlackElo "2468"]
[PlyCount "72"]
[EventDate "2005.03.01"]
[EventType "tourn"]
[EventRounds "9"]
[EventCountry "ESP"]
[EventCategory "8"]
[Source "lmi"]
[SourceDate "2005.03.11"]

1. e4 e6 2. d4 d5 3. e5 c5 4. c3 Nc6 5. Nf3 Bd7 6. Be2 Nge7 7. Na3 cxd4 8. cxd4
Nf5 9. Nc2 Qb6 10. h4 Nb4 11. Nxb4 Qxb4+ 12. Kf1 Bb5 13. g4 Bxe2+ 14. Kxe2 Qc4+
15. Qd3 Ne7 16. h5 h6 17. Bd2 Qxd3+ 18. Kxd3 Nc6 19. a3 Kd7 20. b4 b5 21. Rhb1
Be7 22. Bc3 a5 23. bxa5 Rhb8 24. Ne1 Nxa5 25. Bxa5 Rxa5 26. Nc2 f6 27. exf6
gxf6 28. Rb3 Rg8 29. f3 Rga8 30. Ke2 Rc8 31. Kd3 Rca8 32. Ke2 Bd6 33. Rab1 Kc6
34. Rc3+ Kd7 35. Rcb3 Kc6 36. Rc3+ Kd7 1/2-1/2

[Event "3. Magitral Ciutat de Badalona"]
[Site "Badalona ESP"]
[Date "2005.03.09"]
[Round "7.4"]
[White "Barrientos Chavarriaga, Sergio"]
[Black "Belezky, Sasha"]
[Result "0-1"]
[WhiteElo "2432"]
[BlackElo "2399"]
[PlyCount "128"]
[EventDate "2005.03.01"]
[EventType "tourn"]
[EventRounds "9"]
[EventCountry "ESP"]
[EventCategory "8"]
[Source "lmi"]
[SourceDate "2005.03.11"]

1. e4 c5 2. Nf3 d6 3. d4 cxd4 4. Nxd4 Nf6 5. Nc3 a6 6. Be3 e5 7. Nb3 Be7 8. f3
O-O 9. Qd2 Be6 10. O-O-O Qc7 11. g4 Rc8 12. g5 Nh5 13. Kb1 Nd7 14. Qf2 b5 15.
Nd5 Bxd5 16. Rxd5 Rcb8 17. Bh3 Nb6 18. Rd3 Nc4 19. Bg4 Nf4 20. Bxf4 exf4 21. h4
a5 22. Nd4 a4 23. Nf5 a3 24. Qd4 Bf8 25. b3 Ne5 26. Rc3 Qd8 27. b4 g6 28. Nh6+
Bxh6 29. gxh6 Qf8 30. Rc7 Qxh6 31. Qxd6 Qg7 32. Qd4 Rd8 33. Qc3 Nxg4 34. fxg4
Qxc3 35. Rxc3 Rd4 36. Rb3 Rxe4 37. Rf1 h6 38. Kc1 Kg7 39. Rff3 g5 40. hxg5 hxg5
41. Rxa3 Rxa3 42. Rxa3 Rxb4 43. Ra5 f5 44. gxf5 Kf6 45. a3 f3 46. Kd2 Rf4 47.
Ke1 f2+ 48. Kf1 Rxf5 49. a4 g4 50. Rxb5 Rf4 51. Rb8 Kg5 52. a5 g3 53. Rg8+ Kh4
54. a6 Ra4 55. Rh8+ Kg4 56. Rg8+ Kf3 57. Rf8+ Ke3 58. Re8+ Kd4 59. Rd8+ Kc5 60.
Rd1 Rxa6 61. Kg2 Re6 62. Kf1 Re3 63. Ra1 Kd5 64. c4+ Ke4 0-1

[Event "3. Magitral Ciutat de Badalona"]
[Site "Badalona ESP"]
[Date "2005.03.09"]
[Round "7.5"]
[White "Moskalenko, Viktor"]
[Black "Escobar Forero, Alder"]
[Result "1-0"]
[WhiteElo "2539"]
[BlackElo "2407"]
[PlyCount "165"]
[EventDate "2005.03.01"]
[EventType "tourn"]
[EventRounds "9"]
[EventCountry "ESP"]
[EventCategory "8"]
[Source "lmi"]
[SourceDate "2005.03.11"]

1. d4 Nf6 2. c4 d6 3. Nc3 Nbd7 4. e4 e5 5. Nge2 Be7 6. g3 O-O 7. Bg2 c6 8. O-O
Re8 9. h3 a6 10. a4 a5 11. Be3 Qc7 12. Qc2 Qb8 13. Rad1 Bd8 14. f4 Bb6 15. Bf2
exd4 16. Nxd4 Nc5 17. Rfe1 Be6 18. b3 Re7 19. Kh2 Qf8 20. Nf3 Rd8 21. Bd4 Bc8
22. Nh4 Ncd7 23. Nf5 Re6 24. Bxb6 Nxb6 25. Qd2 g6 26. Nd4 Ree8 27. Nf3 d5 28.
cxd5 cxd5 29. e5 Ne4 30. Qd4 Nc5 31. Nb5 Re6 32. Nd6 Rexd6 33. exd6 Qxd6 34.
Qe3 Bf5 35. Nd4 Bd7 36. Qc3 Ra8 37. Nf3 Na6 38. Ng5 Rc8 39. Qd4 Bf5 40. Rc1 Rf8
41. g4 h6 42. Nf3 Be6 43. Ne5 Nd7 44. Nxd7 Qxd7 45. f5 gxf5 46. gxf5 Bxf5 47.
Qxd5 Qxd5 48. Bxd5 b6 49. Rc6 Nb4 50. Rd6 Nxd5 51. Rxd5 Be6 52. Rb5 Rc8 53.
Rg1+ Kf8 54. Rxb6 Rc2+ 55. Rg2 Rc3 56. Rg3 Rc2+ 57. Kg1 h5 58. Rf3 Kg7 59. Rb5
Rc1+ 60. Kf2 h4 61. Rxa5 Rc2+ 62. Ke1 Kg6 63. Re5 Rh2 64. Ree3 Rb2 65. Rd3 Kg5
66. Kd1 f6 67. Kc1 Ra2 68. Rd2 Ra1+ 69. Kb2 Rg1 70. Rdd3 f5 71. a5 f4 72. a6
Rg2+ 73. Ka3 Rg1 74. Rf2 Rc1 75. a7 Rc8 76. Rd4 Ra8 77. Rfxf4 Rxa7+ 78. Kb2 Rb7
79. Rf3 Rb5 80. b4 Re5 81. Kc3 Kh5 82. Kd2 Kg5 83. Rff4 1-0

[Event "3. Magitral Ciutat de Badalona"]
[Site "Badalona ESP"]
[Date "2005.03.10"]
[Round "8.1"]
[White "Kalod, Radek"]
[Black "Escobar Forero, Alder"]
[Result "1-0"]
[WhiteElo "2505"]
[BlackElo "2407"]
[PlyCount "99"]
[EventDate "2005.03.01"]
[EventType "tourn"]
[EventRounds "9"]
[EventCountry "ESP"]
[EventCategory "8"]
[Source "lmi"]
[SourceDate "2005.03.11"]

1. e4 c5 2. Nf3 Nc6 3. Bb5 g6 4. c3 Nf6 5. Qe2 Bg7 6. O-O O-O 7. Rd1 d5 8. e5
Ne8 9. h3 d4 10. Bxc6 d3 11. Qe3 bxc6 12. Qxc5 Nc7 13. c4 f6 14. Re1 fxe5 15.
Nxe5 Ne6 16. Qe3 Nd4 17. Na3 Ne2+ 18. Rxe2 dxe2 19. Qxe2 Qd6 20. d4 Qxd4 21.
Nxc6 Qh4 22. Nxe7+ Kh8 23. Nxc8 Rfxc8 24. Be3 Rab8 25. Rb1 Qe4 26. b3 a6 27.
Re1 Qe7 28. Nb1 Re8 29. Nd2 Rbd8 30. Nf3 Bf6 31. c5 Qe6 32. Rc1 Qc6 33. Qc4 Re4
34. Qf7 Re7 35. Qc4 Re4 36. Qc2 Kg7 37. a3 Rde8 38. Rd1 Rc8 39. b4 a5 40. b5
Qe6 41. c6 Rc4 42. Qd2 Rd8 43. Qe2 Rxd1+ 44. Qxd1 Rc3 45. a4 Rc4 46. Bg5 Bxg5
47. Nxg5 Qf5 48. Qd7+ Kf6 49. Qf7+ Kxg5 50. Qxc4 1-0

[Event "3. Magitral Ciutat de Badalona"]
[Site "Badalona ESP"]
[Date "2005.03.10"]
[Round "8.2"]
[White "Belezky, Sasha"]
[Black "Moskalenko, Viktor"]
[Result "0-1"]
[WhiteElo "2399"]
[BlackElo "2539"]
[PlyCount "82"]
[EventDate "2005.03.01"]
[EventType "tourn"]
[EventRounds "9"]
[EventCountry "ESP"]
[EventCategory "8"]
[Source "lmi"]
[SourceDate "2005.03.11"]

1. e4 e6 2. d3 d5 3. Qe2 Nf6 4. Nf3 Be7 5. g3 c5 6. Bg2 Nc6 7. O-O O-O 8. e5
Nd7 9. h4 b5 10. Bf4 a5 11. Re1 Ba6 12. Nbd2 c4 13. d4 c3 14. bxc3 b4 15. c4
Nb6 16. Qd1 Nxc4 17. Nxc4 Bxc4 18. h5 Na7 19. h6 g6 20. Qd2 Nb5 21. Bg5 Nxd4
22. Bxe7 Nxf3+ 23. Bxf3 Qxe7 24. Qf4 Rfc8 25. Red1 Bb5 26. Rac1 Rc3 27. Kg2
Rac8 28. Qd4 Ba4 29. Rd3 R3c4 30. Qb6 Qc5 31. Qa6 Qc6 32. Qa7 Qc7 33. Qe3 Qe7
34. Qb6 Qg5 35. Re1 Qd8 36. Qe3 Bxc2 37. Rxd5 exd5 38. e6 Be4 39. Bxe4 Rxe4 40.
Qa7 Rc7 41. e7 Rcxe7 0-1

[Event "3. Magitral Ciutat de Badalona"]
[Site "Badalona ESP"]
[Date "2005.03.10"]
[Round "8.3"]
[White "Lopez Martinez, Josep Manuel"]
[Black "Barrientos Chavarriaga, Sergio"]
[Result "1-0"]
[WhiteElo "2468"]
[BlackElo "2432"]
[PlyCount "65"]
[EventDate "2005.03.01"]
[EventType "tourn"]
[EventRounds "9"]
[EventCountry "ESP"]
[EventCategory "8"]
[Source "lmi"]
[SourceDate "2005.03.11"]

1. d4 Nf6 2. c4 g6 3. Nf3 Bg7 4. Nc3 d5 5. Bf4 dxc4 6. e3 Be6 7. Ng5 Bd5 8. e4
h6 9. exd5 hxg5 10. Be5 O-O 11. Bxc4 c6 12. dxc6 Nxc6 13. O-O e6 14. Qf3 Nxe5
15. dxe5 Nd7 16. Qxb7 Nxe5 17. Bb3 Qd2 18. Rab1 a5 19. Qe4 g4 20. Rfd1 Qg5 21.
Qe3 Qh5 22. h3 a4 23. Nxa4 f5 24. Nc5 f4 25. Qe4 gxh3 26. Bxe6+ Kh8 27. Bxh3 f3
28. Ne6 fxg2 29. Kxg2 Ra4 30. b4 Rxf2+ 31. Kxf2 Rxa2+ 32. Kg1 Bf6 33. Bg2 1-0

[Event "3. Magitral Ciutat de Badalona"]
[Site "Badalona ESP"]
[Date "2005.03.10"]
[Round "8.5"]
[White "Granados Gomez, Manuel"]
[Black "Narciso Dublan, Marc"]
[Result "0-1"]
[WhiteElo "2414"]
[BlackElo "2458"]
[PlyCount "118"]
[EventDate "2005.03.01"]
[EventType "tourn"]
[EventRounds "9"]
[EventCountry "ESP"]
[EventCategory "8"]
[Source "lmi"]
[SourceDate "2005.03.11"]

1. c4 e6 2. Nc3 d5 3. d4 Nf6 4. cxd5 exd5 5. Bg5 c6 6. e3 Be7 7. Bd3 Ne4 8.
Bxe7 Qxe7 9. Qc2 Nxc3 10. bxc3 Nd7 11. Ne2 Nf6 12. O-O O-O 13. c4 dxc4 14. Bxc4
Rd8 15. Bd3 Bg4 16. h3 Bxe2 17. Bxe2 Rac8 18. Bf3 c5 19. dxc5 Rxc5 20. Qb2 b6
21. Rfd1 Rdc8 22. a4 g6 23. Qd4 Kg7 24. a5 bxa5 25. Ra4 Qc7 26. g3 Rb8 27. Kg2
Rbb5 28. Rda1 Qb6 29. e4 Rc2 30. Rf1 Rcb2 31. Qc3 R5b3 32. Qe5 Rb5 33. Qc3 Rc5
34. Qe1 Rb4 35. Qa1 Rxa4 36. Qxa4 Qb2 37. Qa1 Qe5 38. Qa4 Rb5 39. Rd1 h5 40.
Rd8 Rb4 41. Qc6 Rb8 42. Rxb8 Qxb8 43. Qc3 Qb4 44. Qa1 a4 45. e5 Ng8 46. e6+ Nf6
47. e7 Qxe7 48. Qxa4 Ne8 49. g4 hxg4 50. hxg4 Nd6 51. Bc6 Nc8 52. f4 Qe2+ 53.
Kg3 Qe1+ 54. Kg2 Qd2+ 55. Kg3 Qc3+ 56. Bf3 a5 57. g5 Nd6 58. Qc6 Nf5+ 59. Kg4
Qe1 0-1

[Event "3. Magitral Ciutat de Badalona"]
[Site "Badalona ESP"]
[Date "2005.03.11"]
[Round "9.1"]
[White "Narciso Dublan, Marc"]
[Black "Kalod, Radek"]
[Result "1/2-1/2"]
[WhiteElo "2458"]
[BlackElo "2505"]
[PlyCount "54"]
[EventDate "2005.03.01"]
[EventType "tourn"]
[EventRounds "9"]
[EventCountry "ESP"]
[EventCategory "8"]
[Source "lmi"]
[SourceDate "2005.03.11"]

1. d4 d5 2. c4 e6 3. Nc3 c5 4. cxd5 exd5 5. Nf3 Nc6 6. g3 Nf6 7. Bg2 Be7 8. O-O
O-O 9. dxc5 Bxc5 10. Na4 Be7 11. Be3 Ne4 12. Rc1 Be6 13. Nd4 Nxd4 14. Bxd4 Qa5
15. a3 Rac8 16. Nc3 Nxc3 17. Bxc3 Qb5 18. Qd4 Bf6 19. Qxa7 Bxc3 20. bxc3 Ra8
21. Qd4 Rxa3 22. Rb1 Qxe2 23. Bxd5 Bxd5 24. Qxd5 Rxc3 25. Rfe1 Qf3 26. Qxf3
Rxf3 27. Rxb7 h5 1/2-1/2

[Event "3. Magitral Ciutat de Badalona"]
[Site "Badalona ESP"]
[Date "2005.03.11"]
[Round "9.2"]
[White "Fluvia Poyatos, Jordi"]
[Black "Granados Gomez, Manuel"]
[Result "1-0"]
[WhiteElo "2399"]
[BlackElo "2414"]
[PlyCount "87"]
[EventDate "2005.03.01"]
[EventType "tourn"]
[EventRounds "9"]
[EventCountry "ESP"]
[EventCategory "8"]
[Source "lmi"]
[SourceDate "2005.03.11"]

1. e4 b6 2. d4 Bb7 3. Nc3 e6 4. Nf3 d6 5. Be3 Nd7 6. Bc4 a6 7. Qe2 h6 8. a4 g6
9. d5 e5 10. h4 Ngf6 11. Nd2 Bg7 12. g4 h5 13. f3 Bc8 14. g5 Ng8 15. a5 Bb7 16.
Na2 Ne7 17. Nb4 b5 18. Bb3 O-O 19. O-O Nc5 20. c4 c6 21. dxc6 Nxc6 22. Nxc6
Bxc6 23. Bc2 Ne6 24. cxb5 Bxb5 25. Bd3 d5 26. exd5 Qxd5 27. Bxb5 axb5 28. Ne4
Nf4 29. Bxf4 exf4 30. Rfd1 Qe5 31. b4 Qf5 32. Ra2 Rfe8 33. Rad2 Bc3 34. Rd5 Qh3
35. Qg2 Qe6 36. Rxb5 Qc4 37. Qf1 Qe6 38. Rb6 Qe7 39. Qb5 Red8 40. Rxd8+ Rxd8
41. Kg2 Rd1 42. Qc4 Bd4 43. Rb8+ Kg7 44. Qc8 1-0

[Event "3. Magitral Ciutat de Badalona"]
[Site "Badalona ESP"]
[Date "2005.03.11"]
[Round "9.3"]
[White "Barrientos Chavarriaga, Sergio"]
[Black "Fluvia Poyatos, Joan"]
[Result "0-1"]
[WhiteElo "2432"]
[BlackElo "2478"]
[PlyCount "68"]
[EventDate "2005.03.01"]
[EventType "tourn"]
[EventRounds "9"]
[EventCountry "ESP"]
[EventCategory "8"]
[Source "lmi"]
[SourceDate "2005.03.11"]

1. e4 c5 2. Nf3 Nc6 3. d4 cxd4 4. Nxd4 Nf6 5. Nc3 e5 6. Ndb5 d6 7. Bg5 a6 8.
Na3 b5 9. Nd5 Be7 10. Bxf6 Bxf6 11. c3 Bg5 12. Nc2 O-O 13. a4 bxa4 14. Rxa4 a5
15. Bc4 Rb8 16. b3 Kh8 17. Nce3 Be6 18. h4 Bxe3 19. Nxe3 Qb6 20. O-O Bxc4 21.
Rxc4 Ne7 22. h5 f5 23. h6 gxh6 24. Qh5 fxe4 25. Rxe4 Ng6 26. Rg4 Rg8 27. Nf5
Rbf8 28. Nxh6 Rg7 29. g3 d5 30. Kg2 Qf6 31. f3 e4 32. f4 e3 33. Qxd5 Qxc3 34.
Rxg6 Qc2+ 0-1

[Event "3. Magitral Ciutat de Badalona"]
[Site "Badalona ESP"]
[Date "2005.03.11"]
[Round "9.5"]
[White "Escobar Forero, Alder"]
[Black "Belezky, Sasha"]
[Result "1-0"]
[WhiteElo "2407"]
[BlackElo "2399"]
[PlyCount "67"]
[EventDate "2005.03.01"]
[EventType "tourn"]
[EventRounds "9"]
[EventCountry "ESP"]
[EventCategory "8"]
[Source "lmi"]
[SourceDate "2005.03.11"]

1. e4 c5 2. Nf3 d6 3. d4 cxd4 4. Nxd4 Nf6 5. Nc3 g6 6. Be2 Bg7 7. O-O Nc6 8.
Nb3 O-O 9. Re1 Be6 10. Bf3 Rc8 11. Bg5 h6 12. Bh4 g5 13. Bg3 h5 14. h4 g4 15.
Be2 Nh7 16. Qd2 Qb6 17. Nd5 Bxd5 18. exd5 Ne5 19. c3 f5 20. Nd4 Rf6 21. Ne6 Bh6
22. Bf4 g3 23. Rf1 gxf2+ 24. Rxf2 Ng4 25. Bxg4 fxg4 26. Kh1 Nf8 27. Raf1 g3 28.
Rf3 Rc4 29. Rxg3+ Kf7 30. Qe2 Rcxf4 31. Qxh5+ Ng6 32. Nxf4 Qb5 33. Rff3 Kg7 34.
Rxg6+ 1-0